000 00488nam a2200181 i 4500
001 43163
003 ES-MaACL
005 20240421063014.0
007 t|
008 030317s1976 sp ||||1| spa d
100 1 _aCelaya, Gabriel,
_d1911-1991
_937346
245 1 0 _aPoesía abierta /
_cGabriel Celaya.
250 _a[1ª ed.].
260 _a[Madrid] :
_bDoncel,
_c[1976]
300 _a217 p. ;
_c18 cm.
852 _aES-MaACL
_jA-6632
_bR.95613
999 _c43163
_d43163